00697nam a2200217 a 450000500170000000800410001701000140005802000100007203500130008203700160009504000180011108200120012910000240014124500810016526000440024630000230029050000410031352000520035460000460040665000270045220070119085348.0060831s2006 ii | b 00| 0 eng  aENG-91367 c75.00 aEN-74900 bDBAD / PUB adplbEnglish  a882.522 aLalithambika, K.C.  aThe unlighted sides of Tennessee Williams' heroines /cby K.C. Lalithambika  aChennaibHarishankar Publicationsc2008 a56p. c20cm (pbk)  aIncludes bibliographical references  aHistory of Kashmiri Pandits and Kashmir, India. aWilliams, TennesseevCharactersxHeroines aHeroines in literature